Loading...
Science - Biology | 0 | 5 | 2 | 0 | 40 | 57 | 72.20 | 1 | 5 |
History - European History | 0 | 4 | 0 | 1 | 40 | 79 | 91.25 | 0 | 2 |
Science - Chemistry | 0 | 4 | 0 | 1 | 40 | 67 | 93.00 | 0 | 4 |
History - World History | 0 | 2 | 0 | 0 | 20 | 93 | 101.50 | 0 | 0 |
Science - Other Science | 0 | 2 | 0 | 1 | 20 | 73 | 95.50 | 1 | 1 |
Geography | 1 | 0 | 0 | 0 | 15 | 56 | 56.00 | 1 | 1 |
Other Academic | 1 | 0 | 0 | 0 | 15 | 48 | 48.00 | 1 | 1 |
Social Science | 0 | 1 | 0 | 0 | 10 | 96 | 96.00 | 0 | 1 |
Fine Arts - Auditory Fine Arts | 0 | 1 | 0 | 0 | 10 | 97 | 97.00 | 0 | 1 |
History - American History | 0 | 1 | 0 | 0 | 10 | 79 | 79.00 | 0 | 0 |
Literature - British Literature | 0 | 1 | 0 | 0 | 10 | 88 | 88.00 | 0 | 1 |
Science - Physics | 0 | 1 | 0 | 0 | 10 | 113 | 113.00 | 0 | 1 |
Current Events | 0 | 1 | 0 | 0 | 10 | 101 | 101.00 | 0 | 1 |
Fine Arts - Visual Fine Arts | 0 | 1 | 1 | 0 | 5 | 78 | 78.00 | 0 | 0 |
History - Other History | 0 | 1 | 1 | 0 | 5 | 92 | 92.00 | 0 | 1 |
Philosophy | 0 | 0 | 1 | 0 | -5 | 0.00 | 0 | 0 |